[Event "AUTO-ADV-1485"]
[Site "http://www.queenalice.com/game.php?id=658493"]
[Date "2009.9.26"]
[Round "1"]
[White "shiguer"]
[Black "pgierech"]
[Result "0-1"]
[WhiteElo "1793"]
[BlackElo "2041"]

1. e4 e5 2. d3 Bc5 3. h4 d6 4. a3 h6 5. c3 Nc6 6. g4 Qf6 7. Be3 Nge7 8. a4 Bxe3
9. fxe3 Ng6 10. Nf3 Bxg4 11. Nbd2 O-O 12. Be2 a6 13. Ng5 Bxe2 14. Qxe2 hxg5 15.
h5 Nh4 16. O-O-O b5 17. Rdf1 Qe6 18. Rhg1 f6 19. Nf3 Nxf3 20. Qxf3 Nd8 21. d4
bxa4 22. d5 Qd7 23. c4 a3 24. b3 Nf7 25. Kc2 Rfb8 26. Ra1 c5 27. Rxa3 a5 28. h6
Nxh6 29. Rga1 a4 30. bxa4 Rb4 31. Kc3 Rbxa4 32. Rxa4 Rxa4 33. Rb1 Ra3+ 34. Kd2
Qa4 35. Ke1 Ra2 36. Qh3 Qc2 37. Rb8+ Kh7 38. Qf3 Ra1+ 39. Rb1 Rxb1+ 40. Qd1
Rxd1# 0-1

[Event "AUTO-ADV-1485"]
[Site "http://www.queenalice.com/game.php?id=658494"]
[Date "2009.9.26"]
[Round "1"]
[White "pgierech"]
[Black "shiguer"]
[Result "1-0"]
[WhiteElo "1956"]
[BlackElo "1781"]

1. f4 e6 2. Nf3 d5 3. d4 a6 4. e3 f6 5. Bd3 Nh6 6. O-O e5 7. fxe5 Bg4 8. h3 Bh5
9. exf6 gxf6 10. Qe1 c6 11. Qh4 Bxf3 12. Rxf3 Nd7 13. Nd2 Qe7 14. Nb3 b6 15. Bd2
c5 16. dxc5 Ne5 17. Rxf6 Rg8 18. Nd4 bxc5 19. Qh5+ Nef7 20. Re6 cxd4 21. Rxe7+
Kxe7 22. exd4 Rd8 23. Re1+ Kd6 24. Bf4+ Kc6 25. Re6+ Bd6 26. Bxh6 a5 27. a4 Nxh6
28. Qxh6 Kd7 29. Rxd6+ Kc7 30. Rc6+ Kd7 31. Qe6# 1-0

[Event "Challenge"]
[Site "http://www.queenalice.com/game.php?id=659358"]
[Date "2009.9.28"]
[Round "-"]
[White "casacudoman"]
[Black "shiguer"]
[Result "0-1"]
[WhiteElo "1786"]
[BlackElo "1786"]

1. e4 e5 2. Nf3 d6 3. d4 a6 4. Be2 h5 5. Nc3 c6 6. b3 h4 7. Be3 f6 8. h3 a5 9.
Qd2 b5 10. d5 g5 11. dxc6 g4 12. Ng1 f5 13. Bxb5 Kf7 14. Bc4+ Be6 15. Nb5 Nxc6
16. Bg5 Be7 17. Bxe7 Qxe7 18. Nxd6+ Kg6 19. hxg4 f4 20. Bxe6 Qxe6 21. O-O-O a4
22. Nc4 axb3 23. axb3 Nf6 24. Nf3 Nxe4 25. Nxh4+ Rxh4 26. Rxh4 Nxd2 27. Rxd2 Nd4
28. g3 Qa6 29. Nxe5+ Kg7 30. Rxd4 Qa1+ 31. Kd2 Qxd4+ 32. Nd3 Rd8 33. Rh2 f3 34.
g5 Re8 35. Kd1 Re2 36. Rh4 Qc3 37. Rh7+ Kxh7 38. g6+ Kg7 39. Nc1 Qxc2# 0-1

[Event "Mr. Gadou Kingdom"]
[Site "http://www.queenalice.com/game.php?id=659464"]
[Date "2009.9.28"]
[Round "-"]
[White "shiguer"]
[Black "Gadou"]
[Result "1-0"]
[WhiteElo "1772"]
[BlackElo "1449"]

1. e4 e5 2. d4 Qf6 3. c3 h5 4. h4 Be7 5. Rh3 a6 6. Qb3 b5 7. Rf3 Qe6 8. c4 exd4
9. Bd3 Bb7 10. Nd2 f5 11. Rxf5 g6 12. Rf4 Nh6 13. Ngf3 Nc6 14. Ng5 Na5 15. Qc2
Qe5 16. Ndf3 O-O-O 17. Nxe5 Rhf8 18. Nxg6 Rxf4 19. Nxf4 Rf8 20. cxb5 Bb4+ 21.
Bd2 Bxd2+ 22. Qxd2 axb5 23. Qxa5 Rxf4 24. Rc1 c6 25. Bxb5 Nf7 26. Ba6 Nxg5 27.
Bxb7+ Kxb7 28. hxg5 Rxe4+ 29. Kf1 Rg4 30. b4 h4 31. f3 Rf4 32. Qe5 Rf8 33. Qxd4
h3 34. Qxd7+ Kb6 35. Qxc6+ Ka7 36. Qc5+ 1-0

[Event "Queenlover!!!"]
[Site "http://www.queenalice.com/game.php?id=671743"]
[Date "2009.10.24"]
[Round "-"]
[White "Gadou"]
[Black "shiguer"]
[Result "0-1"]
[WhiteElo "1382"]
[BlackElo "1771"]

1. e4 e5 2. Qf3 a6 3. Bc4 Nh6 4. g4 Nc6 5. c3 b5 6. Bd5 a5 7. d3 b4 8. Bxh6 f6
9. Be3 Ba6 10. d4 Rb8 11. g5 bxc3 12. Nxc3 Bb4 13. Ne2 Rf8 14. Qh5+ g6 15. Qxh7
Bxe2 16. Qxg6+ Ke7 17. gxf6+ Rxf6 18. Qh7+ Kd6 19. Kxe2 Nxd4+ 20. Kd3 c6 21.
Rhg1 cxd5 22. Nxd5 Re6 23. Rg8 Qxg8 24. Qh3 Qc8 25. Rc1 Qa6+ 26. Rc4 Rc8 27. b3
a4 28. Bxd4 exd4 29. Qg3+ Re5 30. Nxb4 Qb7 31. Rxd4+ Ke6 32. Qg6+ Ke7 33. Qd6+
Kd8 34. bxa4 Rh5 35. Qf6+ Kc7 36. Qe5+ Rxe5 37. Rc4+ Kd8 38. Rxc8+ Kxc8 39. f3
Qxb4 40. h4 Qxa4 41. Ke3 Qxa2 42. h5 Rxh5 43. Kf4 d5 44. Kg4 dxe4 45. fxe4 Ra5
46. Kf4 Qf2+ 47. Kg4 Qf6 0-1

[Event "AUTO-OPEN-1738"]
[Site "http://www.queenalice.com/game.php?id=673105"]
[Date "2009.10.27"]
[Round "1"]
[White "shiguer"]
[Black "felomeno"]
[Result "1-0"]
[WhiteElo "1804"]
[BlackElo "1597"]

1. e4 e5 2. d4 Qh4 3. Nf3 Qxe4+ 4. Be3 Bb4+ 5. c3 Bd6 6. Nbd2 Qc6 7. Bc4 b5 8.
d5 Qa6 9. a4 bxc4 10. b4 c6 11. Ng5 f6 12. O-O fxg5 13. Bxg5 cxd5 14. f4 h6 15.
Qh5+ Kf8 16. fxe5+ Nf6 17. Rxf6+ gxf6 18. Rf1 Bxe5 19. Nf3 Qxa4 20. Nxe5 Ke7 21.
Ng6+ Kd8 22. Bxf6+ Kc7 23. Nxh8 Nc6 24. Qxd5 Qxb4 25. cxb4 Rb8 26. Qxc4 Kb7 27.
b5 Na5 28. Qd5+ Kc7 29. Be5+ d6 30. Bxd6+ Kd8 31. Rf8+ Kd7 32. Bxb8+ Ke7 33.
Qd6# 1-0

[Event "AUTO-OPEN-1738"]
[Site "http://www.queenalice.com/game.php?id=673106"]
[Date "2009.10.27"]
[Round "1"]
[White "felomeno"]
[Black "shiguer"]
[Result "0-1"]
[WhiteElo "1554"]
[BlackElo "1793"]

1. e4 e5 2. d4 Bb4+ 3. Bd2 Bxd2+ 4. Nxd2 exd4 5. Qg4 d5 6. Qxg7 Qf6 7. Qxf6 Nxf6
8. e5 Ng4 9. O-O-O Nxf2 10. Bb5+ c6 11. Ngf3 Nxd1 12. Kxd1 cxb5 13. Re1 Nc6 14.
h3 Nb4 15. Nxd4 Rg8 16. g4 Nxa2 17. Nxb5 Kd7 18. Rf1 Rg7 19. Nb3 b6 20. N3d4 Ba6
21. h4 Bxb5 22. Nxb5 Nb4 23. g5 Re8 24. Rf5 a6 25. Nd4 h6 26. Rf6 Rxe5 27. c3
Nd3 28. Kc2 hxg5 29. Kxd3 gxh4 30. b4 h3 31. Nc6 Rh5 32. Nb8+ Ke7 33. Rxb6 h2
34. Rxa6 h1=Q 35. Ra7+ Ke6 36. Ra6+ Kf5 37. Nd7 Qf1+ 38. Kd4 Qxa6 39. Nc5 Rh4+
40. Ke3 d4+ 41. cxd4 Rg3+ 42. Kf2 Qa3 43. Nd7 Rh2+ 0-1

[Event "AUTO-OPEN-1738"]
[Site "http://www.queenalice.com/game.php?id=673107"]
[Date "2009.10.27"]
[Round "1"]
[White "shiguer"]
[Black "falekhine"]
[Result "0-1"]
[WhiteElo "1768"]
[BlackElo "1978"]

1. e4 c6 2. d4 d5 3. Nc3 dxe4 4. Nxe4 Nf6 5. Ng5 h6 6. N5f3 Bg4 7. Bf4 e6 8. a3
Bd6 9. g3 Bxf4 10. gxf4 Qc7 11. Qc1 Nd5 12. Ne5 Bf5 13. c4 Nf6 14. f3 Nbd7 15.
c5 Rd8 16. h4 Nd5 17. h5 N7f6 18. Bd3 Bxd3 19. Nxd3 Ne7 20. Qc2 Nf5 21. O-O-O
Ne3 22. Qe2 Nxd1 23. Kxd1 Rxd4 24. Nh3 Nxh5 25. Qe3 Qd7 26. f5 Rxd3+ 27. Ke2
Ng3+ 28. Kf2 Nxh1+ 29. Ke2 Ng3+ 30. Kf2 Rxe3 31. Kxe3 Nxf5+ 32. Ke2 O-O 33. Nf4
Rd8 34. Kf2 Qd4+ 35. Kg2 Qxf4 36. b4 Rd2+ 37. Kf1 Ng3+ 38. Kg1 Qe3# 0-1

[Event "AUTO-OPEN-1738"]
[Site "http://www.queenalice.com/game.php?id=673108"]
[Date "2009.10.27"]
[Round "1"]
[White "falekhine"]
[Black "shiguer"]
[Result "1-0"]
[WhiteElo "1977"]
[BlackElo "1787"]

1. d4 e6 2. c4 h6 3. e4 Qh4 4. Bd3 d5 5. g3 Qe7 6. cxd5 exd5 7. e5 Qb4+ 8. Qd2
Qxd2+ 9. Bxd2 a6 10. a3 Nc6 11. Ne2 Bg4 12. Nbc3 Bf3 13. O-O O-O-O 14. b4 h5 15.
b5 Na5 16. bxa6 Nb3 17. axb7+ Kb8 18. Ra2 Bxe2 19. Nxe2 c5 20. dxc5 Nxc5 21. Ba5
Re8 22. Bb5 Rxe5 23. Nd4 Ne7 24. Bb4 Ne6 25. Bd6+ Kxb7 26. Bxe5 Nxd4 27. Bxd4
Nf5 28. Be3 f6 29. Bd7 Nxe3 30. fxe3 Bc5 31. Rc2 Bxe3+ 32. Kg2 h4 33. Kf3 d4 34.
Rb1+ Ka6 35. Rc4 Rh5 36. Ra4+ Ra5 37. Bc8+ Ka7 38. Rxa5# 1-0

[Event "AUTO-OPEN-1738"]
[Site "http://www.queenalice.com/game.php?id=673109"]
[Date "2009.10.27"]
[Round "1"]
[White "shiguer"]
[Black "mp3"]
[Result "1-0"]
[WhiteElo "1785"]
[BlackElo "1595"]

1. e4 e5 2. d4 d6 3. Bc4 Nf6 4. Bg5 c6 5. d5 h6 6. Bxf6 Qxf6 7. dxc6 bxc6 8. Nc3
Be7 9. Nd5 cxd5 10. Bxd5 Nd7 11. Bxa8 Qf4 12. Nh3 Qf6 13. Qd2 O-O 14. O-O-O Qe6
15. Bd5 Qg6 16. f3 Nb6 17. Bb3 Bxh3 18. gxh3 Bg5 19. Rhg1 Bxd2+ 20. Kxd2 Qh5 21.
Rg3 g5 22. c4 Rc8 23. Ke2 Qg6 24. h4 Nxc4 25. Ba4 Nxb2 26. Bd7 Rc2+ 27. Rd2
Rxd2+ 28. Kxd2 Nc4+ 29. Ke1 f6 30. Be6+ Kg7 31. Bxc4 Qe8 32. hxg5 fxg5 33. h4
Qa4 34. Be6 Kf6 35. Bf5 Qxa2 36. hxg5+ hxg5 37. Rh3 a5 38. Rh6+ Ke7 39. Rg6 a4
40. Rxg5 a3 41. Rg7+ Kd8 42. Rd7+ Ke8 43. Rxd6 Qb1+ 44. Kf2 a2 45. Re6+ Kf7 46.
Rxe5 a1=Q 47. Be6+ Kf6 48. f4 Qaa2+ 49. Bxa2 Qxa2+ 50. Kg3 Qb3+ 51. Kh4 Qf3 52.
Rf5+ Ke6 53. Rf8 Qf2+ 54. Kg5 Qg2+ 55. Kh4 Qxe4 56. Re8+ Kf5 57. Rxe4 Kxe4 58.
Kg5 Kd5 59. f5 Kd6 60. Kg6 Ke7 61. f6+ Kf8 62. f7 Ke7 63. Kg7 Ke6 64. f8=Q Ke5
65. Qb4 Kf5 66. Kf7 Ke5 67. Kg6 Kd5 68. Kf6 Kc6 69. Ke6 Kc7 70. Ke7 Kc6 71. Qc4+
Kb6 72. Kd7 Kb7 73. Qb5+ Ka7 74. Kc7 1-0

[Event "AUTO-OPEN-1738"]
[Site "http://www.queenalice.com/game.php?id=673110"]
[Date "2009.10.27"]
[Round "1"]
[White "mp3"]
[Black "shiguer"]
[Result "0-1"]
[WhiteElo "1634"]
[BlackElo "1788"]

1. d4 e6 2. e3 Nf6 3. Nf3 d5 4. c3 a6 5. Nbd2 b5 6. b4 Ne4 7. Bd3 Nxc3 8. Qc2
Bxb4 9. a3 c5 10. axb4 cxb4 11. Bb2 Na4 12. O-O h5 13. Nb3 g5 14. Nc5 g4 15. Nd2
f5 16. f3 h4 17. fxg4 Rg8 18. Nxa4 Qg5 19. Qxc8+ Ke7 20. Qb7+ Nd7 21. Nb6 Rad8
22. Nxd7 Rxd7 23. Qxa6 Qxe3+ 24. Rf2 Rxg4 25. Bxb5 Rf4 26. Rf1 Rxf2 27. Bxd7
Rxd2+ 28. Rf2 Qxf2+ 0-1

[Event "AUTO-ADV-1520"]
[Site "http://www.queenalice.com/game.php?id=673319"]
[Date "2009.10.27"]
[Round "1"]
[White "shiguer"]
[Black "babamas"]
[Result "0-1"]
[WhiteElo "1812"]
[BlackElo "1868"]

1. e4 Nf6 2. Bc4 Nxe4 3. Qh5 Nd6 4. Na3 e6 5. Nf3 Nc6 6. d3 g6 7. Qh3 Nxc4 8.
Nxc4 d6 9. O-O e5 10. Qh4 Qxh4 11. Nxh4 Be6 12. Bg5 Bg7 13. c3 d5 14. Na3 a6 15.
f4 h6 16. f5 gxf5 17. Bd2 f4 18. b4 O-O-O 19. b5 axb5 20. Nxb5 d4 21. a4 Bd5 22.
a5 Bf6 23. g3 Bxh4 24. gxh4 Rhg8+ 25. Kf2 Rg2+ 26. Ke1 f3 27. a6 Re2+ 28. Kd1
bxa6 29. Rxa6 f5 30. c4 Nb8 31. Ra7 Bb7 32. Rxf3 Rxh2 33. Rxf5 Nc6 34. Ra3 Rxh4
35. Rf7 Rh1+ 36. Kc2 Rh2 37. Rxc7+ Kb8 38. Ra1 Rg8 39. Rf1 Nb4+ 40. Kb3 Nxd3 41.
Rff7 Be4 42. Nd6 Rxd2 43. Nxe4 Rb2+ 44. Ka3 Rg1 45. Rb7+ Rxb7 46. Rxb7+ Kxb7 47.
Ka4 Rb1 48. Ka5 h5 49. Nd6+ Kc6 50. Nb5 Kc5 51. Ka4 Rb4+ 52. Ka5 Rxc4 53. Ka6
Ra4+ 54. Kb7 Kxb5 55. Kc7 Kc5 56. Kd7 e4 57. Kc7 Ra7+ 58. Kb8 Rh7 59. Kc8 Kd6
60. Kd8 Rh8# 0-1

[Event "AUTO-ADV-1520"]
[Site "http://www.queenalice.com/game.php?id=673320"]
[Date "2009.10.27"]
[Round "1"]
[White "babamas"]
[Black "shiguer"]
[Result "1-0"]
[WhiteElo "1875"]
[BlackElo "1799"]

1. d4 e6 2. c4 Nc6 3. Nc3 Bb4 4. a3 Bxc3+ 5. bxc3 h6 6. Nf3 g5 7. e4 g4 8. Nd2
h5 9. Bb2 b6 10. d5 exd5 11. cxd5 Ne5 12. c4 d6 13. f4 g3 14. fxe5 Nh6 15. exd6
Rg8 16. dxc7 Qxc7 17. h3 Qc5 18. Qf3 a6 19. Nb3 Qd6 20. e5 Qg6 21. Bd3 Bf5 22.
Bxf5 Nxf5 23. Rf1 Nh4 24. Qe2 a5 25. e6 O-O-O 26. Bf6 Nxg2+ 27. Qxg2 Rde8 28. e7
Qd3 29. Nd2 a4 30. Rf3 Qxf3 31. Nxf3 Rg6 32. Bh4 f6 33. d6 Kd7 34. Rd1 f5 35.
Ne5+ Ke6 36. Qd5# 1-0

[Event "AUTO-ADV-1520"]
[Site "http://www.queenalice.com/game.php?id=673321"]
[Date "2009.10.27"]
[Round "1"]
[White "shiguer"]
[Black "alesson"]
[Result "1-0"]
[WhiteElo "1789"]
[BlackElo "1634"]

1. e4 e5 2. Bc4 Nf6 3. Nf3 Bd6 4. Ng5 O-O 5. h4 h6 6. d4 exd4 7. Qxd4 hxg5 8.
hxg5 Ne8 9. g6 Qf6 10. gxf7+ Rxf7 11. Bxf7+ Qxf7 12. e5 c5 13. Qh4 Qe7 14. Qc4+
Qe6 15. Qxe6+ dxe6 16. Bf4 Bc7 17. c3 Ba5 18. Na3 a6 19. O-O-O Nd7 20. Nc4 Bc7
21. Rh3 b5 22. Ne3 Nxe5 23. Bxe5 Bxe5 24. Rd8 Kf7 25. Rf3+ Ke7 26. Rd1 Bb7 27.
Rh3 Bxg2 28. Nxg2 Nf6 29. Nh4 Rh8 30. Ng6+ Ke8 31. Rxh8+ Kf7 32. Nxe5+ Ke7 33.
Ra8 Ne4 34. Rxa6 Nxf2 35. Rf1 Ne4 36. Rf7+ Ke8 37. Ra8# 1-0

[Event "AUTO-ADV-1520"]
[Site "http://www.queenalice.com/game.php?id=673322"]
[Date "2009.10.27"]
[Round "1"]
[White "alesson"]
[Black "shiguer"]
[Result "0-1"]
[WhiteElo "1637"]
[BlackElo "1760"]

1. e4 e5 2. Nf3 Nc6 3. Bb5 a6 4. Bxc6 dxc6 5. Nxe5 Qg5 6. Nxf7 Kxf7 7. Qf3+ Nf6
8. d4 Qxc1+ 9. Ke2 Qxh1 10. e5 Bg4 11. Qxg4 Nxg4 12. h3 Nh2 0-1

[Event "AUTO-ADV-1520"]
[Site "http://www.queenalice.com/game.php?id=673323"]
[Date "2009.10.27"]
[Round "1"]
[White "shiguer"]
[Black "josecastroman"]
[Result "0-1"]
[WhiteElo "1798"]
[BlackElo "1876"]

1. e4 e5 2. Bc4 Nc6 3. Qf3 Qf6 4. Qxf6 Nxf6 5. f3 Bc5 6. Nh3 d6 7. Ng5 O-O 8.
Bxf7+ Rxf7 9. Nxf7 Kxf7 10. c3 Be6 11. b4 Bb6 12. g4 g5 13. h4 gxh4 14. Rxh4 Rh8
15. d3 Kg6 16. Rh6+ Kf7 17. a4 a5 18. b5 Ne7 19. Bg5 Ng6 20. Na3 Ng8 21. Rh2 h6
22. Nc2 hxg5 23. Rxh8 Nxh8 24. c4 Ng6 25. O-O-O Nf4 26. d4 Ne2+ 27. Kd2 Nxd4 28.
Nxd4 Bxd4 29. Kd3 Ne7 30. Rh1 Kg7 31. Rh5 Kg6 32. Rh8 Ng8 33. Rh1 Bf2 34. Ke2
Bh4 35. c5 d5 36. exd5 Bxd5 37. Rd1 Ne7 38. b6 c6 39. Rc1 Kf6 40. Rc3 Ng6 41.
Ke3 Bg3 42. Ke2 Bf4 43. Kf2 Bd2 44. Rc2 Bb4 45. Kg3 Bb3 46. Rb2 Bxa4 47. Ra2 Bb3
48. Rb2 a4 49. Rb1 Bxc5 50. f4 gxf4+ 51. Kf3 Bxb6 52. Ke2 Bd4 53. Rh1 a3 54. Rh5
a2 55. Rf5+ Kg7 56. g5 a1=Q 57. Rf6 Qd1# 0-1

[Event "AUTO-ADV-1520"]
[Site "http://www.queenalice.com/game.php?id=673324"]
[Date "2009.10.27"]
[Round "1"]
[White "josecastroman"]
[Black "shiguer"]
[Result "1-0"]
[WhiteElo "1885"]
[BlackElo "1802"]

1. e4 e5 2. Nf3 Bc5 3. Bc4 c6 4. Nc3 b5 5. Bb3 Nf6 6. d3 h6 7. Nxe5 d5 8. exd5
cxd5 9. Nxb5 Qa5+ 10. Nc3 Bd4 11. Nf3 Bxc3+ 12. bxc3 Nc6 13. Bd2 Ng4 14. O-O O-O
15. h3 Ba6 16. hxg4 Qd8 17. g5 h5 18. Bf4 Bc8 19. Qd2 f6 20. gxf6 gxf6 21. Bh6
Re8 22. Nh4 Ne5 23. d4 Ng4 24. f3 Ba6 25. fxg4 Bxf1 26. Rxf1 hxg4 27. Qf2 Kf7
28. Qf5 Rc8 29. Bxd5+ Qxd5 30. Qxf6+ Kg8 31. Qg7# 1-0

[Event "Challenge"]
[Site "http://www.queenalice.com/game.php?id=676960"]
[Date "2009.11.3"]
[Round "-"]
[White "shiguer"]
[Black "archangel"]
[Result "1-0"]
[WhiteElo "1773"]
[BlackElo "1749"]

1. e4 Nf6 2. Bc4 Nxe4 3. Qh5 Nd6 4. Bd5 e6 5. Bf3 Be7 6. d3 Nc6 7. Nh3 Nd4 8.
Na3 g6 9. Qh6 Bf6 10. Ng5 N6f5 11. Nxf7 Kxf7 12. Qd2 Nh4 13. Be4 d5 14. c3 dxe4
15. cxd4 exd3 16. Qxd3 Bxd4 17. O-O Bxf2+ 18. Rxf2+ Kg7 19. Qc3+ Kg8 20. Bh6 Qe7
21. Qxc7 Bd7 22. Qxb7 Rd8 23. Qxa7 Nf5 24. Bf4 Kf7 25. Nc4 Ke8 26. g4 g5 27. Be5
Rg8 28. gxf5 exf5 29. Nd6+ Kf8 30. Nxf5 Qxe5 31. Nh6+ Kg7 32. Nf7 Qxb2 33. Rxb2
1-0

[Event "prince, the next king"]
[Site "http://www.queenalice.com/game.php?id=690756"]
[Date "2009.11.30"]
[Round "-"]
[White "Gadou"]
[Black "shiguer"]
[Result "0-1"]
[WhiteElo "1315"]
[BlackElo "1798"]

1. e4 e5 2. Qf3 c6 3. Bc4 Nh6 4. d3 f6 5. Bxh6 d5 6. Qh5+ g6 7. Qh3 Bxh3 8. Bxf8
Bxg2 9. Bg7 dxc4 10. Bxh8 Kf7 11. Bxf6 Qxf6 12. Nd2 Bxh1 13. O-O-O Qxf2 14. Nh3
Qxh2 15. Ng5+ Ke8 16. Nxc4 Qf4+ 17. Nd2 Qxg5 18. Rxh1 h5 19. b4 Na6 20. a3 b5
21. Kd1 c5 22. Nf3 Qg2 23. Nxe5 Qxh1+ 24. Kd2 Qh2+ 25. Kc3 Qxe5+ 26. Kd2 Rd8 27.
c3 cxb4 28. cxb4 Qd4 0-1

[Event "Hey friend, let's play..."]
[Site "http://www.queenalice.com/game.php?id=727795"]
[Date "2010.2.7"]
[Round "-"]
[White "Gadou"]
[Black "shiguer"]
[Result "0-1"]
[WhiteElo "1370"]
[BlackElo "1802"]

1. e4 e5 2. Qf3 a6 3. Bc4 Nh6 4. d3 d5 5. exd5 Bg4 6. Qe4 Qf6 7. f3 Bf5 8. Qe2
Bc5 9. h4 Bxg1 10. Bg5 Qb6 11. Qxe5+ Be6 12. dxe6 f6 13. Bxf6 Qf2+ 14. Kd1 gxf6
15. Nd2 fxe5 16. Ne4 Qxg2 17. Nf6+ Ke7 18. Bd5 Qxh1 19. Ke2 Kxf6 20. c4 Qh2+ 21.
Kd1 Rg8 22. Rc1 Be3 23. Rc2 Rg1# 0-1

[Event "Challenge"]
[Site "http://www.queenalice.com/game.php?id=737543"]
[Date "2010.2.25"]
[Round "-"]
[White "casacudoman"]
[Black "shiguer"]
[Result "1-0"]
[WhiteElo "1851"]
[BlackElo "1780"]

1. e4 e5 2. Nf3 h5 3. d4 f6 4. dxe5 d6 5. exf6 gxf6 6. Nh4 Ne7 7. b3 Rg8 8.
Qxh5+ Kd7 9. Bb2 Rg5 10. Qf7 Kc6 11. Qxf6 Bg7 12. Qxg5 a6 13. Bxg7 Nd7 14. Nc3
Nc5 15. Ng6 Ne6 16. Qxe7 Qxe7 17. Nxe7+ Kd7 18. Ncd5 Nxg7 19. e5 dxe5 20. O-O-O
Kd8 21. Nb6+ Kxe7 22. Nxa8 c5 23. Nb6 Bf5 24. Re1 Kd6 25. Nc4+ Kc6 26. Rxe5 b5
27. Ne3 Be6 28. c4 bxc4 29. Bxc4 Bxc4 30. bxc4 a5 31. Nf5 Nh5 32. g4 Nf4 33.
Ne7+ Kd6 34. Rhe1 Nd3+ 35. Kd2 Nxe5 36. Re3 Nxc4+ 37. Kd3 Nxe3 38. fxe3 Kxe7 39.
Kc4 Kd6 40. h4 Ke5 41. h5 Ke4 42. h6 Kxe3 43. h7 Kd2 44. h8=Q Kc2 45. Qc3+ Kd1
46. g5 a4 47. g6 a3 48. Qxa3 Kc2 49. g7 Kb1 50. g8=Q Kc2 51. Qc3+ Kb1 52. Qg1+
Kxa2 53. Qga1# 1-0

[Event "One more!!!"]
[Site "http://www.queenalice.com/game.php?id=750104"]
[Date "2010.3.22"]
[Round "-"]
[White "Gadou"]
[Black "shiguer"]
[Result "0-1"]
[WhiteElo "1464"]
[BlackElo "1799"]

1. e4 e5 2. Bc4 c6 3. Qf3 Nh6 4. d3 b5 5. Bxh6 bxc4 6. Bd2 cxd3 7. Qxd3 Na6 8.
a3 Nc5 9. Qg3 d6 10. Nf3 Nxe4 11. Qh4 Qb6 12. Qxe4 Bd7 13. Be3 Qxb2 14. Bd4 Qc1+
15. Ke2 Qxh1 16. Nxe5 dxe5 17. Qxe5+ Be7 18. Qxg7 Rf8 19. Nd2 Qxh2 20. Rb1 Qh5+
21. f3 O-O-O 22. Qg3 Be6 23. Qb8+ Kd7 24. Rb7+ Ke8 25. Qc7 Bd7 26. Ne4 Qd5 27.
Nf6+ Bxf6 28. Bxf6 Qe6+ 29. Be5 f6 30. Rb8 Rxb8 31. Qxb8+ Kf7 32. Qd6 Qxe5+ 33.
Qxe5 fxe5 34. c4 c5 35. Kd3 h5 36. Ke4 Ke6 37. g3 Bc6+ 38. Ke3 Rxf3+ 39. Ke2
Rxa3 0-1